[Event "Mistrzostwa Polski Juniorow do lat 16 - Dziewczeta"]
[Site "Szklarska Poreba"]
[Date "1899-12-30"]
[Round "5.11"]
[White "Mytnik, Kinga"]
[Black "Slusarczyk, Milena"]
[Result "0-1"]
[WhiteTitle "I"]
[BlackTitle "I+"]
[WhiteElo "1638"]
[BlackElo "1537"]

1. e4 c5 2. d3 Nc6 3. f4 g6 4. Nf3 Bg7 5. c3 d6 6. Be2 e6 7. Nbd2 Nge7 8. O-O O-O
9. Qe1 b6 10. Kh1 d5 11. Qh4 Bb7 12. Ng5 h6 13. Nh3 Nc8 14. Qf2 Nd6 15. e5 Nf5
16. g4 Nfe7 17. d4 cxd4 18. cxd4 Qc8 19. Nf3 Ba6 20. Bxa6 Qxa6 21. Bd2 Rac8 22.
Nh4 Qd3 23. Bc3 Qxh3 24. Rg1 Qd3 25. Rae1 Qc4 26. f5 g5 27. f6 gxh4 28. fxg7 Kxg7
29. Qxh4 Rh8 30. Qf6+ Kg8 31. Ref1 Rh7 32. g5 Ng6 33. gxh6 Qd3 34. Rg4 a5 35.
Rf3 Qc2 36. h4 Qc1+ 37. Kg2 Qxh6 38. Rfg3 Rg7 39. Kf1 Nce7 40. Rh3 Nf5 41. Kg1
Nf4 42. Rxg7+ Qxg7+ 43. Qxg7+ Kxg7 0-1

[Event "Mistrzostwa Polski Juniorow do lat 16 - Dziewczeta"]
[Site "Szklarska Poreba"]
[Date "1899-12-30"]
[Round "5.12"]
[White "Kaznowska, Weronika"]
[Black "Krzyzosiak, Anna"]
[Result "0-1"]
[WhiteTitle "I+"]
[BlackTitle "I++"]
[WhiteElo "1502"]
[BlackElo "1629"]

1. d4 Nf6 2. c4 g6 3. Nc3 Bg7 4. Bf4 d6 5. e4 O-O 6. Qd2 Nbd7 7. O-O-O c5 8. d5
a6 9. Be2 Qa5 10. f3 b5 11. a3 bxc4 12. Bxc4 Rb8 13. Nge2 Nh5 14. Bg5 Ne5 15.
Ba2 Rb7 16. Rdf1 c4 17. Bb1 e6 18. f4 Nd7 19. dxe6 fxe6 20. Qxd6 Nc5 21. Be7 Nb3+
22. Kc2 Re8 23. Qc6 Rbxe7 24. Qxc4 Na1+ 25. Kc1 Rc7 26. Qa2 Qb6 27. Qxa1 Qe3+
28. Kc2 Qxe2+ 29. Kc1 Qe3+ 30. Kc2 Qxe4+ 0-1

[Event "Mistrzostwa Polski Juniorow do lat 16 - Dziewczeta"]
[Site "Szklarska Poreba"]
[Date "1899-12-30"]
[Round "5.13"]
[White "Zniszczol, Wiktoria"]
[Black "Wojtas, Julia"]
[Result "1-0"]
[WhiteTitle "I+"]
[BlackTitle "I"]
[WhiteElo "1627"]
[BlackElo "1448"]

1. e4 c5 2. Nc3 a6 3. g3 b5 4. Bg2 Bb7 5. d3 e6 6. Nh3 d6 7. O-O Nf6 8. f4 Nc6
9. f5 b4 10. Ne2 e5 11. c3 Be7 12. Bf3 h5 13. Ng5 h4 14. Qb3 d5 15. exd5 c4 16.
Qa4 Nxd5 17. dxc4 Qb6+ 18. Kh1 hxg3 19. Nxg3 Nf4 20. Bxf4 exf4 21. N3e4 f6 22.
Ne6 Kf7 23. c5 Qb5 24. Qb3 Ne5 25. N6g5+ Ke8 26. Qe6 Bxe4 27. Nxe4 Qd3 28. Nd6+
Kf8 29. Rf2 Rxh2+ 30. Kxh2 Nxf3+ 31. Rxf3 Qc2+ 32. Kg1 Bxd6 33. Qxd6+ 1-0

[Event "Mistrzostwa Polski Juniorow do lat 16 - Dziewczeta"]
[Site "Szklarska Poreba"]
[Date "1899-12-30"]
[Round "5.14"]
[White "Grzyb, Anna"]
[Black "Pisarek, Elzbieta"]
[Result "0-1"]
[WhiteTitle "I"]
[BlackTitle "I"]
[WhiteElo "1404"]
[BlackElo "1624"]

1. d4 c5 2. dxc5 Qa5+ 3. Nc3 Qxc5 4. Nf3 Nf6 5. Qd4 Qxd4 6. Nxd4 a6 7. e4 e6 8.
Bd3 Bc5 9. Nb3 Ba7 10. Bf4 Ke7 11. f3 Nc6 12. O-O-O b5 13. Be2 Ne8 14. e5 f6 15.
exf6+ gxf6 16. Ne4 d5 17. Nec5 e5 18. Bg3 Nd4 19. Rhe1 Nxb3+ 20. Nxb3 Be6 21.
Kb1 Nd6 22. f4 e4 23. Nd4 Bxd4 24. Rxd4 Nf5 25. Rd2 Rag8 26. a4 bxa4 27. Bxa6
Nxg3 28. hxg3 Rxg3 29. Bb7 Rd8 30. c4 e3 31. Rde2 d4 32. Ba6 d3 33. Rxe3 Rxe3
0-1

[Event "Mistrzostwa Polski Juniorow do lat 16 - Dziewczeta"]
[Site "Szklarska Poreba"]
[Date "1899-12-30"]
[Round "5.15"]
[White "Kudlak, Julia"]
[Black "Pawlak, Emilia"]
[Result "1-0"]
[WhiteTitle "I"]
[BlackTitle "I"]
[WhiteElo "1612"]
[BlackElo "1514"]

1. e4 c5 2. Nf3 d6 3. d4 cxd4 4. Nxd4 Nf6 5. Nc3 a6 6. Be2 e5 7. Nb3 Be7 8. O-O
O-O 9. Kh1 Nc6 10. a4 Be6 11. f4 exf4 12. Bxf4 Bxb3 13. cxb3 Ne5 14. Bxe5 dxe5
15. Bc4 Bc5 16. Qf3 Qe7 17. Rad1 Bd4 18. Rd2 Rab8 19. g4 Bxc3 20. bxc3 b5 21.
axb5 axb5 22. Bd5 h6 23. c4 Nh7 24. Qg3 bxc4 25. Bxc4 Nf6 26. Re2 Rbd8 27. Rf5
Rd1+ 28. Kg2 Qc5 29. Rff2 Ra8 30. Qf3 Raa1 31. Kg3 Rg1+ 32. Rg2 Raf1 33. Qd3 Rxg2+
34. Rxg2 Rf4 35. Qd8+ Kh7 36. h3 Nxe4+ 37. Kh2 Nf2 38. g5 g6 39. Qd7 Qe3 40. gxh6
Qxh3+ 41. Qxh3 Nxh3 42. Kxh3 Kxh6 43. Rg4 Rf6 44. Re4 Rf5 45. b4 f6 46. Kg3 Kg7
47. b5 Rh5 48. b6 Rh8 49. Bd5 Kf8 50. b7 Ke7 51. Ra4 Kd7 52. Ra8 1-0

[Event "Mistrzostwa Polski Juniorow do lat 16 - Dziewczeta"]
[Site "Szklarska Poreba"]
[Date "1899-12-30"]
[Round "5.16"]
[White "Matyjasek, Michalina"]
[Black "Trzaskowska, Hanna"]
[Result "1-0"]
[WhiteTitle "I"]
[BlackTitle "I"]
[WhiteElo "1393"]
[BlackElo "1604"]

1. d4 d5 2. c4 Bf5 3. Nc3 e6 4. Nf3 c6 5. Qb3 Qb6 6. Bf4 Nd7 7. c5 Qxb3 8. axb3
a6 9. e3 h6 10. Be2 Ne7 11. O-O g5 12. Bg3 Bg7 13. b4 Rc8 14. Rfd1 O-O 15. Nd2
e5 16. Nf3 e4 17. Nd2 Bg6 18. Nb3 Nf5 19. Bg4 h5 20. Bxf5 Bxf5 21. Na5 Ra8 22.
Nxb7 h4 23. Bd6 Rfc8 24. h3 Bg6 25. Ra4 Bh5 26. Rda1 Bg6 27. Rxa6 Rxa6 28. Rxa6
Bf8 29. Bh2 Bh5 30. Na5 f5 31. Nxc6 Kf7 32. Ne5+ Ke8 33. Nxd5 Nxe5 34. Bxe5 Be2
35. Ra7 Bb5 36. Nc7+ 1-0

[Event "Mistrzostwa Polski Juniorow do lat 16 - Dziewczeta"]
[Site "Szklarska Poreba"]
[Date "1899-12-30"]
[Round "5.17"]
[White "Jedrzejko, Martyna"]
[Black "Bienko, Jagoda"]
[Result "1-0"]
[WhiteTitle "I"]
[BlackTitle "I"]
[WhiteElo "1597"]
[BlackElo "1356"]

1. e4 c5 2. Nf3 Nc6 3. d4 cxd4 4. Nxd4 Nf6 5. Nc3 g6 6. Be3 Bg7 7. f3 O-O 8. Qd2
d5 9. exd5 Nxd5 10. Nxd5 Qxd5 11. Nxc6 Qxc6 12. c3 Be6 13. Be2 Rfd8 14. Qc2 Bf5
15. Qc1 Bd3 16. Qd2 Bc4 17. Qc2 Qe6 18. Kf2 Rd6 19. Bxc4 Qxc4 20. Qe2 Qc6 21.
Rhd1 Re6 22. Rd3 Bh6 23. Rad1 Bxe3+ 24. Rxe3 Qb6 25. Rdd3 Rxe3 26. Rxe3 Rd8 27.
Kf1 Rd1+ 28. Qxd1 Qxe3 29. Qe2 Qc1+ 30. Kf2 Kf8 31. c4 Qf4 32. g3 Qd4+ 33. Kg2
e6 34. Qf2 Qxc4 35. Qxa7 Qc2+ 36. Qf2 Qxf2+ 37. Kxf2 Ke7 38. Ke3 Kd6 39. Kd4 e5+
40. Kc4 f5 41. b4 g5 42. a4 h5 43. h3 g4 44. fxg4 hxg4 45. hxg4 fxg4 46. a5 e4
47. b5 e3 48. Kd3 e2 49. Kxe2 Kc5 50. a6 bxa6 51. bxa6 Kb6 52. Ke3 Kxa6 53. Kf4
Kb6 54. Kxg4 Kc6 55. Kf5 Kd6 56. Kf6 1-0

[Event "Mistrzostwa Polski Juniorow do lat 16 - Dziewczeta"]
[Site "Szklarska Poreba"]
[Date "1899-12-30"]
[Round "5.18"]
[White "Zajac, Aleksandra"]
[Black "Libura, Julianna"]
[Result "0-1"]
[WhiteTitle "II"]
[BlackTitle "I+"]
[WhiteElo "1180"]
[BlackElo "1558"]

1. e4 c5 2. Nf3 e6 3. Nc3 d6 4. g3 Nc6 5. Bg2 g6 6. d3 Bg7 7. Be3 Nd4 8. Qd2 Ne7
9. O-O h6 10. Nd1 d5 11. Ne1 Qb6 12. c3 Ndc6 13. Qe2 O-O 14. Qd2 Kh7 15. f4 d4
16. Bf2 Qa5 17. g4 f5 18. gxf5 exf5 19. e5 Be6 20. a3 Rad8 21. Qc1 c4 22. b4 cxb3
23. c4 b5 24. Nb2 bxc4 25. dxc4 Qc3 26. Bh4 Rb8 27. Bxe7 Nxe7 28. Rf3 Qa5 29.
Qd1 Qc5 30. Rxb3 Bxc4 31. Nxc4 Qxc4 32. Rab1 Rxb3 33. Rxb3 Rc8 34. Nd3 Nd5 35.
Bxd5 Qxd5 36. Kf2 Bf8 37. Nb4 Bxb4 38. axb4 Qe4 39. Rf3 Rc2+ 40. Kg3 g5 41. Qf1
gxf4+ 42. Rxf4 Qe3+ 43. Qf3 Qg1+ 44. Kh4 Rxh2+ 0-1

[Event "Mistrzostwa Polski Juniorow do lat 16 - Dziewczeta"]
[Site "Szklarska Poreba"]
[Date "1899-12-30"]
[Round "5.19"]
[White "Franek, Diana"]
[Black "Rozumek, Paulina"]
[Result "1-0"]
[WhiteTitle "I"]
[BlackTitle "II+"]
[WhiteElo "1362"]
[BlackElo "1091"]

1. g3 d5 2. Bg2 Nf6 3. b3 Bf5 4. Bb2 e6 5. d3 Bd6 6. Nd2 h6 7. e4 dxe4 8. dxe4
Bh7 9. e5 Be7 10. exf6 Bxf6 11. Bxf6 gxf6 12. Bxb7 Nd7 13. Bxa8 Qxa8 14. Qf3 c6
15. O-O-O Ke7 16. Nc4 Qc8 17. Qe3 Qa6 18. a4 Rd8 19. Ne2 Qb7 20. Rhe1 e5 21. f4
Qc7 22. Nc3 Kf8 23. fxe5 fxe5 24. Qxh6+ Kg8 25. Qg5+ Kf8 26. Nxe5 Qc8 27. Nxd7+
Rxd7 28. Rxd7 Qxd7 29. Rd1 1-0

[Event "Mistrzostwa Polski Juniorow do lat 16 - Dziewczeta"]
[Site "Szklarska Poreba"]
[Date "1899-12-30"]
[Round "5.20"]
[White "Czerwinska, Oliwia"]
[Black "Pieczewska, Gabriela"]
[Result "1-0"]
[WhiteTitle "I"]
[BlackTitle "I"]
[WhiteElo "1355"]
[BlackElo "1172"]

1. e4 e6 2. d4 d5 3. e5 c5 4. c3 Qb6 5. Nf3 Nc6 6. a3 Nh6 7. b4 cxd4 8. cxd4 Nf5
9. Be3 f6 10. exf6 gxf6 11. Bd3 Nxe3 12. fxe3 Bd7 13. Nc3 a6 14. Nh4 O-O-O 15.
Rc1 Kb8 16. Qh5 Be7 17. Na4 Qa7 18. Nc5 f5 19. O-O Ka8 20. Kh1 Qb8 21. Nxd7 Rxd7
22. Bxa6 Nxb4 23. Bb5 Rdd8 24. axb4 Bxb4 25. Ra1+ Qa7 26. Rxa7+ 1-0

[Event "Mistrzostwa Polski Juniorow do lat 16 - Dziewczeta"]
[Site "Szklarska Poreba"]
[Date "1899-12-30"]
[Round "5.21"]
[White "Buchta, Alicja"]
[Black "Cieslak, Jessica"]
[Result "0-1"]
[WhiteTitle "II"]
[BlackTitle "I"]
[WhiteElo "1162"]
[BlackElo "1330"]

1. c4 d6 2. Nc3 f5 3. d4 Nf6 4. g3 g6 5. Bg2 Bg7 6. e3 O-O 7. Nge2 Nc6 8. O-O e5
9. d5 Ne7 10. f3 h6 11. Bd2 g5 12. Qc1 Ng6 13. Rb1 h5 14. f4 gxf4 15. exf4 e4
16. Be3 Ng4 17. b4 h4 18. Bh3 Nh6 19. c5 Bd7 20. cxd6 cxd6 21. Qd2 a6 22. Rfc1
Rc8 23. Rc2 Qe7 24. Rbc1 Bf6 25. Nd4 Qg7 26. Nce2 hxg3 27. hxg3 Nh4 28. Kf2 Ng6
29. Rxc8 Rxc8 30. Rxc8+ Bxc8 31. Qc1 Qd7 32. Qc2 Ne7 33. Qd1 Nxd5 34. a3 Nxe3
35. Kxe3 d5 36. Qc2 Bd8 37. Kf2 Bb6 38. Kf1 Kf7 39. Ke1 Qc7 40. Qxc7+ Bxc7 41.
Kd2 Bb6 42. Kc3 Bd7 43. Kd2 Ke7 44. Kc3 Kd6 45. Kb3 a5 46. Kc3 Ke7 47. Nc1 a4
48. Nce2 Kf6 49. Kd2 Ng8 50. Kd1 Ne7 51. Ke1 Nc6 52. Nxc6 Bxc6 53. g4 Bd7 54.
gxf5 Bxf5 55. Bg2 Be3 56. Nc3 Be6 57. Nxa4 Bc1 58. Nc5 Bxa3 59. Nxe6 Bxb4+ 60.
Ke2 Kxe6 61. Ke3 Bc5+ 62. Kd2 Kf5 63. Bh3+ Kxf4 64. Bc8 b5 65. Bb7 d4 66. Bc6
b4 67. Bd5 Kf3 68. Bc4 e3+ 69. Kd1 Kf2 70. Bd3 b3 0-1

[Event "Mistrzostwa Polski Juniorow do lat 16 - Dziewczeta"]
[Site "Szklarska Poreba"]
[Date "1899-12-30"]
[Round "5.22"]
[White "Pacho, Maria"]
[Black "Bartoszek, Julia"]
[Result "1-0"]
[WhiteTitle "II"]
[BlackTitle "II+"]
[WhiteElo "1229"]
[BlackElo "1267"]

1. c4 e5 2. Nc3 Nc6 3. g3 Nge7 4. Bg2 g6 5. Nf3 Bg7 6. O-O d6 7. d3 Be6 8. Bd2
Qd7 9. Re1 O-O 10. Rb1 f5 11. Ng5 Kh8 12. Nxe6 Qxe6 13. Nd5 Qd7 14. Nxe7 Qxe7
15. b4 e4 16. Qc1 Rab8 17. a4 Rfe8 18. Bc3 Bxc3 19. Qxc3+ Qe5 20. Qd2 e3 21. fxe3
Qxe3+ 22. Qxe3 Rxe3 23. Bxc6 bxc6 24. Kf2 Re5 25. b5 cxb5 26. axb5 Kg7 27. Ra1
Rb7 28. Ra6 Re8 29. Rea1 Ra8 30. Kf3 g5 31. e4 fxe4+ 32. Kxe4 Re8+ 33. Kd5 Re2
34. R1a2 Rxa2 35. Rxa2 Kf6 36. Kc6 Rb8 37. Rxa7 Re8 38. Rxc7 Re3 39. b6 Rxd3 40.
b7 Rb3 41. Kxd6 Rb6+ 42. Kc5 Rb2 43. Rxh7 Ke6 44. Rh6+ Kd7 45. Rb6 1-0

[Event "Mistrzostwa Polski Juniorow do lat 16 - Dziewczeta"]
[Site "Szklarska Poreba"]
[Date "1899-12-30"]
[Round "6.1"]
[White "Goraj, Barbara"]
[Black "Mirowska, Oliwia"]
[Result "1/2-1/2"]
[WhiteTitle "WCM"]
[BlackTitle "k"]
[WhiteElo "2115"]
[BlackElo "1840"]

1. e4 c5 2. Nf3 Nc6 3. d4 cxd4 4. Nxd4 Nf6 5. Nc3 e5 6. Ndb5 d6 7. Nd5 Nxd5 8.
exd5 Nb8 9. c4 Be7 10. Be3 a6 11. Nc3 O-O 12. Qd2 f5 13. f3 Nd7 14. Be2 Bh4+ 15.
g3 Be7 16. O-O Rf6 17. b4 Qf8 18. Rac1 Rg6 19. f4 Qd8 20. a3 exf4 21. Bxf4 Bg5
22. Na4 b6 23. Qd4 Bxf4 24. Rxf4 Rb8 25. Re1 Ne5 26. Nb2 Qf6 27. Kh1 Rh6 28. Qd2
Qg5 29. Kg2 Ng6 30. Rd4 f4 31. Kh1 Rxh2+ 32. Kxh2 Qxg3+ 33. Kh1 Qh3+ 34. Kg1 Qg3+
35. Kh1 1/2-1/2

[Event "Mistrzostwa Polski Juniorow do lat 16 - Dziewczeta"]
[Site "Szklarska Poreba"]
[Date "1899-12-30"]
[Round "6.2"]
[White "Kroliczek, Gabriela"]
[Black "Dylag, Emilia"]
[Result "0-1"]
[WhiteTitle "k"]
[BlackTitle "k+"]
[WhiteElo "1994"]
[BlackElo "2083"]

1. e4 c5 2. Nf3 d6 3. d4 cxd4 4. Nxd4 Nf6 5. Nc3 a6 6. h3 e5 7. Nb3 b5 8. a4 b4
9. Nd5 Nxd5 10. exd5 Be7 11. a5 O-O 12. Bd2 Nd7 13. Bxb4 Rb8 14. Bc3 f5 15. Bc4
Bb7 16. Qe2 Kh8 17. O-O-O Nf6 18. g4 Qc7 19. Rhg1 Rfc8 20. Bxa6 Bxa6 21. Qxa6
Ne4 22. Rd3 Qd7 23. Rf3 Qa4 24. Re1 Bg5+ 25. Kd1 Nxc3+ 26. Rxc3 Rxc3 27. bxc3
Qf4 28. Qd3 fxg4 29. hxg4 Qxg4+ 30. f3 Qa4 31. c4 Bd8 32. Qc3 Bf6 33. Qd3 Bd8
34. Ke2 Ra8 35. Ra1 Qd7 36. Qe4 Bg5 37. Qg4 Qd8 38. a6 h6 39. Qe6 Qb6 40. Qf5
Qe3+ 41. Kd1 Qg1+ 42. Ke2 Qg2+ 43. Kd3 Qf2 44. Qe4 Rf8 45. Kc3 Rxf3+ 46. Kb2 Re3
47. Qg4 Bf6 48. a7 e4+ 49. Ka3 Rxb3+ 50. cxb3 Bb2+ 51. Ka2 Bc3+ 52. Ka3 Qxa7#
0-1

[Event "Mistrzostwa Polski Juniorow do lat 16 - Dziewczeta"]
[Site "Szklarska Poreba"]
[Date "1899-12-30"]
[Round "6.3"]
[White "Hertlein, Irena"]
[Black "Sloniewska, Alicja"]
[Result "0-1"]
[WhiteTitle "k"]
[BlackTitle "I++"]
[WhiteElo "1910"]
[BlackElo "1723"]

1. e4 c6 2. d4 d5 3. Nc3 dxe4 4. Nxe4 Bf5 5. Ng3 Bg6 6. h4 h6 7. Nf3 Nd7 8. h5
Bh7 9. Bd3 Bxd3 10. Qxd3 Ngf6 11. Bd2 e6 12. O-O-O Be7 13. Ne4 Nxe4 14. Qxe4 Nf6
15. Qe2 Qd5 16. c4 Qe4 17. Qxe4 Nxe4 18. Be3 f5 19. Ne5 f4 20. Ng6 fxe3 21. Nxh8
Nxf2 22. Rhe1 Nxd1 23. Kxd1 O-O-O 24. Nf7 Rxd4+ 25. Kc2 Rd2+ 26. Kb3 Bf6 27. Rxe3
Rxb2+ 28. Ka3 Rxg2 29. Rxe6 Rh2 30. c5 Rxh5 31. Kb4 Rh4+ 32. Kb3 Rh5 33. Kc4 Rd5
34. Re4 Kd7 35. a4 b6 36. cxb6 axb6 37. Nh8 Rh5 38. Ng6 Kd6 39. Kd3 Rh3+ 40. Kc2
Kd5 41. Re8 Ra3 42. Nf4+ Kc5 43. Nd3+ Kd6 44. Ra8 Kc7 45. Nb4 h5 46. Ra7+ Kd6
47. Ra6 Bd4 48. Ra8 Kc5 49. Nd3+ Kc4 50. Nf4 h4 51. Rc8 c5 52. Ne6 Rxa4 53. Rh8
Ra2+ 54. Kd1 Rh2 55. Ng5 Kd3 56. Ke1 Rh1# 0-1

[Event "Mistrzostwa Polski Juniorow do lat 16 - Dziewczeta"]
[Site "Szklarska Poreba"]
[Date "1899-12-30"]
[Round "6.4"]
[White "Lukasik, Zuzanna"]
[Black "Wikar, Martyna"]
[Result "0-1"]
[WhiteTitle "I++"]
[BlackTitle "k+"]
[WhiteElo "1563"]
[BlackElo "2061"]

1. f4 d5 2. Nf3 Nf6 3. e3 Bg4 4. Be2 Bxf3 5. Bxf3 c6 6. d3 Nbd7 7. O-O e5 8. fxe5
Nxe5 9. d4 Nxf3+ 10. Qxf3 Bd6 11. Nd2 Qe7 12. a3 O-O 13. c4 Rae8 14. Re1 Ne4 15.
g3 Qg5 16. Nxe4 dxe4 17. Qg2 Re6 18. Kh1 Rh6 19. Rg1 Re8 20. c5 Bc7 21. Bd2 Ree6
22. Be1 Qg4 23. Rf1 Rh3 24. Kg1 h5 25. Qf2 Rf6 26. Qg2 Rxf1+ 27. Kxf1 h4 28. gxh4
Qf5+ 29. Bf2 Rxh2 30. Qg1 Qf3 0-1

[Event "Mistrzostwa Polski Juniorow do lat 16 - Dziewczeta"]
[Site "Szklarska Poreba"]
[Date "1899-12-30"]
[Round "6.5"]
[White "Nowak, Roksana"]
[Black "Czarnecka, Lidia"]
[Result "1/2-1/2"]
[WhiteTitle "I"]
[BlackTitle "I++"]
[WhiteElo "1412"]
[BlackElo "1874"]

1. e4 c5 2. c3 Nf6 3. e5 Nd5 4. d4 cxd4 5. cxd4 d6 6. Nf3 e6 7. Bc4 Nb6 8. Bd3
Nc6 9. O-O Qc7 10. Qe2 Be7 11. Nc3 a6 12. Re1 Bd7 13. Bd2 dxe5 14. dxe5 Nb4 15.
Rac1 Bc6 16. Bb1 Rd8 17. Ne4 h6 18. a3 N4d5 19. Ba5 Qb8 20. Nc3 Rc8 21. Nxd5 Nxd5
22. Bd2 Bb5 23. Qe4 g6 24. Nd4 Bd7 25. Rxc8+ Qxc8 26. Rc1 Qb8 27. Ba2 Nc7 28.
Ba5 Nb5 29. a4 Nxd4 30. Qxd4 Bc6 31. Bb6 O-O 32. Re1 Kg7 33. Re3 Rc8 34. h3 Be8
35. Rg3 Rc1+ 36. Kh2 Qc8 37. Rc3 Rxc3 38. bxc3 Qc6 39. Bb3 h5 1/2-1/2

[Event "Mistrzostwa Polski Juniorow do lat 16 - Dziewczeta"]
[Site "Szklarska Poreba"]
[Date "1899-12-30"]
[Round "6.6"]
[White "Wawrzyniak, Weronika"]
[Black "Kieca, Aleksandra"]
[Result "1-0"]
[WhiteTitle "I+"]
[BlackTitle "I+"]
[WhiteElo "1648"]
[BlackElo "1614"]

1. d4 d5 2. Nf3 Nf6 3. c4 e6 4. g3 c6 5. Nbd2 Bd6 6. Bg2 O-O 7. O-O Nbd7 8. Qc2
Re8 9. e4 dxe4 10. Nxe4 Nxe4 11. Qxe4 Nf6 12. Qe2 c5 13. dxc5 Bxc5 14. Be3 Bxe3
15. Qxe3 Qc7 16. b3 e5 17. Rfd1 Bg4 18. h3 Bh5 19. g4 Bg6 20. Rd2 h6 21. Rad1
a5 22. Nh4 Bh7 23. Rd6 a4 24. g5 hxg5 25. Qxg5 Qe7 26. Nf5 Bxf5 27. Qxf5 axb3
28. axb3 e4 29. Qg5 Ra1 30. Rxa1 Qxd6 31. Qe3 Qe5 32. Ra7 Qc7 33. Qd4 Rd8 34.
Rxb7 Qa5 35. Qe3 Rd1+ 36. Kh2 Qh5 37. Rb8+ Kh7 38. Bxe4+ g6 39. Bf3 Rh1+ 40. Kxh1
Qxh3+ 41. Kg1 Ng4 42. Bxg4 Qxg4+ 43. Qg3 Qd1+ 44. Kg2 1-0

[Event "Mistrzostwa Polski Juniorow do lat 16 - Dziewczeta"]
[Site "Szklarska Poreba"]
[Date "1899-12-30"]
[Round "6.7"]
[White "Adamczyk, Zuzanna"]
[Black "Zniszczol, Wiktoria"]
[Result "1-0"]
[WhiteTitle "k"]
[BlackTitle "I+"]
[WhiteElo "1979"]
[BlackElo "1627"]

1. e4 d5 2. exd5 Qxd5 3. Nc3 Qd8 4. d4 Nf6 5. Bf4 a6 6. Bd3 g6 7. Qd2 Bg7 8. O-O-O
Nc6 9. Nf3 Nb4 10. Bc4 Nbd5 11. Nxd5 Nxd5 12. Bh6 Bf6 13. Ne5 c6 14. f3 Qc7 15.
Rhe1 Rg8 16. Bf4 Qb6 17. Bxd5 cxd5 18. Re3 Bd7 19. Nxd7 Kxd7 20. Rb3 Qc6 21. Qa5
Rac8 22. Rc3 Qe6 23. Rc7+ Ke8 24. Rxb7 Qc6 25. Rc7 Rxc7 26. Qxc7 Qxc7 27. Bxc7
Kd7 28. Bb6 Bg5+ 29. Kb1 Rb8 30. Bc5 e6 31. Rd3 Bf4 32. g3 Bc7 33. Kc1 Kc6 34.
b3 f5 35. c4 e5 36. cxd5+ Kxd5 37. Ba7 Rc8 38. dxe5+ Kxe5 39. Rc3 Kd6 40. Bb6
Kd7 41. Rxc7+ Rxc7+ 42. Bxc7 Kxc7 43. Kc2 Kd6 44. b4 Ke5 45. Kc3 Kd5 46. a4 g5
47. Kd3 h6 48. Kc3 g4 49. f4 Ke4 50. b5 axb5 51. axb5 Kf3 52. b6 Kg2 53. b7 Kxh2
54. b8=Q Kxg3 55. Qh8 Kxf4 56. Qxh6+ Kf3 57. Qh1+ Kf2 58. Qh2+ Kf3 59. Kd2 f4
60. Ke1 Ke4 61. Qe2+ Kf5 62. Kf2 1-0

[Event "Mistrzostwa Polski Juniorow do lat 16 - Dziewczeta"]
[Site "Szklarska Poreba"]
[Date "1899-12-30"]
[Round "6.8"]
[White "Pisarek, Elzbieta"]
[Black "Zarebska, Lena"]
[Result "1/2-1/2"]
[WhiteTitle "I"]
[BlackTitle "I++"]
[WhiteElo "1624"]
[BlackElo "1845"]

1. e4 c5 2. Nf3 g6 3. d4 cxd4 4. Qxd4 Nf6 5. Nc3 Nc6 6. Qa4 d6 7. e5 Ng4 8. exd6
exd6 9. h3 Nge5 10. Nxe5 dxe5 11. Be3 Bd7 12. Qe4 Bf5 13. Qa4 Bd7 14. Qe4 Qa5
15. O-O-O Qb4 16. Qxb4 Nxb4 17. a3 Nc6 18. Nd5 O-O-O 19. Bg5 Re8 20. Nf6 Re7 21.
Ne4 Re8 22. Nf6 Rd8 23. Nd5 Re8 24. Nf6 Rd8 25. Nd5 Re8 26. Nf6 1/2-1/2

[Event "Mistrzostwa Polski Juniorow do lat 16 - Dziewczeta"]
[Site "Szklarska Poreba"]
[Date "1899-12-30"]
[Round "6.9"]
[White "Krzyzosiak, Anna"]
[Black "Slusarczyk, Milena"]
[Result "1/2-1/2"]
[WhiteTitle "I++"]
[BlackTitle "I+"]
[WhiteElo "1629"]
[BlackElo "1537"]

1. e4 c5 2. Nf3 d6 3. d4 cxd4 4. Nxd4 Nf6 5. Nc3 a6 6. Be2 e5 7. Nb3 Be7 8. O-O
O-O 9. Re1 b5 10. a4 b4 11. Nd5 a5 12. Nxf6+ Bxf6 13. Qd5 Ra7 14. Be3 Bb7 15.
Qb5 Bc6 16. Qb6 Qxb6 17. Bxb6 Rb7 18. Bxa5 Bxe4 19. Bb5 Bxc2 20. Nd2 b3 21. Nc4
Be7 22. Bb4 Rd8 23. Ne3 Bg5 24. Nd5 h6 25. g3 h5 26. h4 Bh6 27. Ba5 Rc8 28. Bb4
Rd8 29. Re2 Ra7 30. Rae1 Na6 31. Ba5 Rb8 32. Bb6 Rab7 33. Bxa6 Rxb6 34. Nxb6 Rxb6
35. Bb5 g6 36. f3 f5 37. Bc4+ Kf8 38. Ra1 Rb4 39. Bd5 Rd4 40. Bc6 Bd2 41. a5 Bb4
42. a6 Bc5 43. Kg2 Ba7 44. Ra3 Ke7 45. Ba4 Rd3 46. Bb5 Rd4 1/2-1/2

[Event "Mistrzostwa Polski Juniorow do lat 16 - Dziewczeta"]
[Site "Szklarska Poreba"]
[Date "1899-12-30"]
[Round "6.10"]
[White "Marcinczyk, Monika"]
[Black "Jedrzejko, Martyna"]
[Result "1/2-1/2"]
[WhiteTitle "WCM"]
[BlackTitle "I"]
[WhiteElo "2009"]
[BlackElo "1597"]

1. e4 e6 2. d4 d5 3. Nd2 Be7 4. Bd3 c5 5. dxc5 Nf6 6. b4 a5 7. c3 Nc6 8. Bb5 Nxe4
9. Nxe4 dxe4 10. Qxd8+ Bxd8 11. a4 Bf6 12. Ra3 Bd7 13. Bxc6 Bxc6 14. b5 Bd5 15.
Be3 Rc8 16. Ne2 Be7 17. c4 Bxc4 18. Rc3 Bd5 19. O-O Bf6 20. Bd4 e5 21. Be3 O-O
22. Rb1 Be7 23. c6 bxc6 24. Bc5 Bxc5 25. Rxc5 Ba2 26. Rb2 cxb5 27. Rxc8 Rxc8 28.
Rxa2 b4 29. Kf1 Kf8 30. Ng3 Rc4 31. Ke2 g6 32. Nf1 f5 33. Ne3 Rd4 34. Rc2 b3 35.
Rc8+ Kf7 36. Rb8 Rxa4 37. Rxb3 Ra2+ 38. Ke1 a4 39. Rb6 a3 40. Ra6 Kg7 41. Nc4
Ra1+ 42. Ke2 a2 43. Ne3 f4 44. Nc2 Rh1 45. Rxa2 Rxh2 46. Ne1 Kf6 47. Ra5 g5 48.
f3 e3 49. Ra2 h5 50. Ra6+ 1/2-1/2

[Event "Mistrzostwa Polski Juniorow do lat 16 - Dziewczeta"]
[Site "Szklarska Poreba"]
[Date "1899-12-30"]
[Round "6.11"]
[White "Lochina, Justyna"]
[Black "Siekanska, Zuzanna"]
[Result "1-0"]
[WhiteTitle "I"]
[BlackTitle "I++"]
[WhiteElo "1467"]
[BlackElo "1696"]

1. e4 c5 2. Nf3 e6 3. d4 cxd4 4. Nxd4 Nf6 5. Nc3 d6 6. Be2 Be7 7. Be3 Nc6 8. O-O
O-O 9. f4 e5 10. Nb3 a5 11. a4 Nb4 12. Bf3 Be6 13. Qd2 Rc8 14. f5 Bc4 15. Rfd1
b6 16. Qf2 Nd7 17. f6 Bxf6 18. Rxd6 Qc7 19. Rad1 Nc5 20. Nxc5 bxc5 21. Rxf6 gxf6
22. Bg4 Rcd8 23. Bh6 Qe7 24. Bf5 Kh8 25. Qh4 Rg8 26. Bf8 1-0

[Event "Mistrzostwa Polski Juniorow do lat 16 - Dziewczeta"]
[Site "Szklarska Poreba"]
[Date "1899-12-30"]
[Round "6.12"]
[White "Libura, Julianna"]
[Black "Kudlak, Julia"]
[Result "1-0"]
[WhiteTitle "I+"]
[BlackTitle "I"]
[WhiteElo "1558"]
[BlackElo "1612"]

1. e4 c5 2. Nf3 d6 3. d4 cxd4 4. Nxd4 Nf6 5. Nc3 a6 6. Bg5 e6 7. f4 Be7 8. Qf3
Qc7 9. O-O-O Nbd7 10. g4 h6 11. Bxf6 Nxf6 12. g5 hxg5 13. fxg5 Nd7 14. g6 Ne5
15. gxf7+ Nxf7 16. Qg4 Ng5 17. h4 e5 18. Nf5 g6 19. Nd5 Qd8 20. Ndxe7 Qxe7 21.
Nxd6+ Qxd6 22. Qxg5 Qc7 23. Qxg6+ Kf8 24. Bg2 Rh7 25. Rhf1+ Rf7 26. Rd8+ 1-0

[Event "Mistrzostwa Polski Juniorow do lat 16 - Dziewczeta"]
[Site "Szklarska Poreba"]
[Date "1899-12-30"]
[Round "6.13"]
[White "Czernikowska, Laura"]
[Black "Krzyzosiak, Marta"]
[Result "1/2-1/2"]
[WhiteTitle "WCM"]
[BlackTitle "I++"]
[WhiteElo "1427"]
[BlackElo "1608"]

1. d4 Nf6 2. c4 g6 3. Nc3 Bg7 4. Nf3 d6 5. e3 O-O 6. Be2 Nbd7 7. O-O e5 8. Qc2
Qe7 9. Rd1 Re8 10. b4 a5 11. Nb5 Nf8 12. bxa5 e4 13. Nd2 c6 14. Nc3 Rxa5 15. Nb3
Ra8 16. a4 d5 17. cxd5 cxd5 18. Nb5 Bg4 19. Ba3 Qd8 20. Bd6 Rc8 21. Qd2 Bxe2 22.
Qxe2 Rc6 23. Ba3 Ne6 24. Nc5 Nxc5 25. Bxc5 Qd7 26. Rdc1 Ra8 27. a5 Bf8 28. Bb6
Rac8 29. Rxc6 Rxc6 30. Qb2 Kg7 1/2-1/2

[Event "Mistrzostwa Polski Juniorow do lat 16 - Dziewczeta"]
[Site "Szklarska Poreba"]
[Date "1899-12-30"]
[Round "6.14"]
[White "Mytnik, Kinga"]
[Black "Matyjasek, Michalina"]
[Result "0-1"]
[WhiteTitle "I"]
[BlackTitle "I"]
[WhiteElo "1638"]
[BlackElo "1393"]

1. e4 c5 2. d3 d5 3. exd5 Qxd5 4. Nc3 Qd8 5. Be2 e5 6. Nf3 Nc6 7. Be3 Nf6 8. Ne4
b6 9. c3 Be7 10. O-O O-O 11. Re1 h6 12. Qc2 Bf5 13. Ng3 Bh7 14. Rad1 Qc7 15. Nd2
Rad8 16. Ndf1 c4 17. Ne4 Ne8 18. f3 f5 19. Nf2 f4 20. Bc1 Bc5 21. Qa4 cxd3 22.
Qc4+ Qf7 23. Qa4 dxe2 24. Rxe2 Rxd1 25. Qxd1 Nf6 26. b4 Rd8 27. Qa4 Bxf2+ 28.
Kxf2 Qc7 29. Nd2 Kh8 30. Re1 Rd3 31. b5 Na5 32. c4 Rd4 33. Re2 Nxc4 34. Nb3 Rd8
35. Qb4 Nd5 36. Qe1 Bd3 0-1